| 000 | 01280cam a2200349 a 4500 | ||
|---|---|---|---|
| 999 |
_c3924 _d3924 |
||
| 001 | 14656284 | ||
| 003 | OSt | ||
| 005 | 20210319100100.0 | ||
| 008 | 061205s2007 nyua b 001 0 eng | ||
| 010 | _a 2006939782 | ||
| 020 | _a9780387448978 (pt. A : acid-free paper) | ||
| 020 | _a9780387683461 (pt. A : soft cover : acid-free paper) | ||
| 020 | _z9780387448993 (pt. A : ebook) | ||
| 020 | _a9780387683508 (pt. B : acid-free paper) | ||
| 020 | _a9780387683546 (pt. B : soft cover : acid-free paper) | ||
| 020 | _a9780387448992 (pt. B : ebook) | ||
| 040 |
_aDLC _cDLC |
||
| 050 | 0 | 0 |
_aQD251.3 _b.C367 2007 |
| 082 | _a547 CAR 2007 | ||
| 100 | 1 |
_aCarey, Francis A.; Sundberg, Richard J. _98593 |
|
| 245 | 1 | 0 | _aAdvanced Organic Chemistry |
| 250 | _a5th ed. | ||
| 260 |
_aNew York : _bSpringer, _c2007. |
||
| 300 |
_a2 v. : _bill. ; _c26 cm. |
||
| 504 | _aIncludes bibliographical references and index. | ||
| 505 | 0 | _apt. A. Structure and mechanisms -- pt. B. Reactions and synthesis. | |
| 650 | 0 |
_aOrganic chemistry _98594 |
|
| 906 |
_a7 _bcbc _corigcop _d2 _eepcn _f20 _gy-gencatlg |
||
| 942 |
_2ddc _cSLOAN |
||